<?xml version="1.0" encoding="UTF-8"?><?xml-stylesheet type="text/xsl" href="static/style.xsl"?><OAI-PMH xmlns="http://www.openarchives.org/OAI/2.0/" xmlns:xsi="http://www.w3.org/2001/XMLSchema-instance" xsi:schemaLocation="http://www.openarchives.org/OAI/2.0/ http://www.openarchives.org/OAI/2.0/OAI-PMH.xsd"><responseDate>2026-06-07T05:20:00Z</responseDate><request verb="GetRecord" identifier="oai:riuma.uma.es:10630/19780" metadataPrefix="marc">https://riuma.uma.es/rest/oai/request</request><GetRecord><record><header><identifier>oai:riuma.uma.es:10630/19780</identifier><datestamp>2026-02-03T12:33:47Z</datestamp><setSpec>com_10630_2254</setSpec><setSpec>col_10630_37959</setSpec></header><metadata><record xmlns="http://www.loc.gov/MARC21/slim" xmlns:dcterms="http://purl.org/dc/terms/" xmlns:doc="http://www.lyncode.com/xoai" xmlns:xsi="http://www.w3.org/2001/XMLSchema-instance" xsi:schemaLocation="http://www.loc.gov/MARC21/slim http://www.loc.gov/standards/marcxml/schema/MARC21slim.xsd">
   <leader>00925njm 22002777a 4500</leader>
   <datafield ind2=" " ind1=" " tag="042">
      <subfield code="a">dc</subfield>
   </datafield>
   <datafield ind2=" " ind1=" " tag="720">
      <subfield code="a">Gallegos-Reina, Antonio Jesús</subfield>
      <subfield code="e">author</subfield>
   </datafield>
   <datafield ind2=" " ind1=" " tag="260">
      <subfield code="c">2020-09-17</subfield>
   </datafield>
   <datafield ind2=" " ind1=" " tag="520">
      <subfield code="a">El litoral mediterráneo español en la actualidad se presenta como un continuo urbano en la práctica totalidad de su territorio, resultando las áreas periurbanas un nexo de este continuo en los espacios intersticiales. La importancia de este fenómeno en la ordenación y gestión territorial es capital por su papel como espacio causante y receptor de riesgos naturales. Las particularidades de la periurbanización hacen que estos territorios sean aún más frágiles frente a la inundación de lo que ya de por sí es la propia región mediterránea.&#xd;
En este texto se analizan de manera introductoria dichas particularidades, así como la imbricación que existe entre las cuencas fluviales periurbanas y la inundabilidad. La metodología atiende a la evaluación de las razones de la periurbanización, las características y usos habituales, la complejidad de su patrón característico y las tensiones territoriales generadas. Y concluye como resultado con la repercusión que este modelo urbanístico tiene en la inundabilidad. Además, también se pone de relevancia la fuerte componente territorial de los riesgos naturales, con una percepción alejada del análisis sectorial con que se afrontan en la actualidad.</subfield>
   </datafield>
   <datafield ind1="8" ind2=" " tag="024">
      <subfield code="a">https://hdl.handle.net/10630/19780</subfield>
   </datafield>
   <datafield tag="653" ind2=" " ind1=" ">
      <subfield code="a">Mediterráneo (Costa, España)</subfield>
   </datafield>
   <datafield tag="653" ind2=" " ind1=" ">
      <subfield code="a">Ordenación del territorio</subfield>
   </datafield>
   <datafield tag="653" ind2=" " ind1=" ">
      <subfield code="a">Inundaciones</subfield>
   </datafield>
   <datafield ind2="0" ind1="0" tag="245">
      <subfield code="a">Particularidades de la periurbanización en el litoral mediterráneo como condicionante del riesgo de inundabilidad</subfield>
   </datafield>
</record>
</metadata></record></GetRecord></OAI-PMH>